000 00686nam a22002411 4500
999 _c8260
_d8260
001 8260
003 BD - JhCC
005 20180220113318.0
008 930122s1986 enk 000 0 eng d
020 _a0297789600
035 _a(BD - JhCC)8260
040 _aBD-JhCC
_dBD-JhCC
041 _aeng
082 _bGAD 1986
100 1 _aGadney, Reg,
_d1941-
245 1 0 _aCry Hungary! :
_buprising 1956 /
_cReg Gadney ; introduction by George Mikes
260 _aLondon :
_bWeidenfeld and Nicolson,
_cc1986
300 _a169 p ;
_c26 cm
651 0 _aHungary
_xHistory
_yRevolution, 1956.
651 0 _aHungary
_xPolitics and government
_y1945-1989.
942 _2ddc
_cBK